01480nam a2200409 i 450000100060000000300020000600500170000800600190002500700150004400800410005902000270010003500220012704000310014905000210018008000150020108200200021610000250023624500750026126400460033630000410038233600290042333700330045233800430048550400290052858800830055759001620064065000260080265000220082865000270085065000230087765500270090070000340092779700180096185600630097994200110104299900170105376552020241217151314.0m o u cr cn|||||||||220626s2020 cl ob 000 0 spa d a9789560108531 (e-book) a(OCoLC)1336972819 aFINmELBbspaerdacFINmELB14aHC192bP227 2020 a342.34(83)04a323.04209832231 aParedes M., Ricardo.13aEl modelo en la encrucijada /cRicardo Paredes M., Rodrigo Castillo M. 1aSantiago de Chile :bRIL editores,c2020. a1 recurso en línea (184 páginas) atextobtxt2rdamedia/spa acomputadorabc2rdamedia/spa arecurso en líneabcr2rdacarrier/spa aContiene bibliografía. aDescripción basada en metadatos suministrados por el editor y otras fuentes. aRecurso electrónico. Santa Fe, Arg.: elibro, 2022. Disponible vía World Wide Web. El acceso puede estar limitado para las bibliotecas afiliadas a elibro. 0aNeoliberalismzChile. 0aEconomicszChile. 4aNeoliberalismozChile. 4aEconomíazChile. 4aLibros electrónicos.1 aCastillo M., Rodrigo,eautor.2 aelibro, Corp.40uhttps://elibro.net/ereader/politecnicointernacional/189505 cLIBROS c76552d76552